00497nam a2200157Ia 4500008004100000041000800041082001600049100001700065245003200082250000800114260002300122300001900145520004400164999001700208952011400225240719s9999 xx 000 0 und d aeng a332.024 SET aSethi, Ramit aI Will teach you to be rich a2nd aUSAbWorkmanc2019 a342;. P. 21 cm aFaculty Purchase By Dr. Jitendra Sharma c41459d41459 00104070aIMTNbIMTNcRack 9-Ad2023-10-31g299.00o332.024 SETp33154r2024-07-19 00:00:00w2024-07-19yBK